[Event "Charleroi op"]
[Site "Roux"]
[Date "2019.07.29"]
[Round "3"]
[White "Philippe, Denis"]
[Black "Van Haelst, Raymond"]
[Result "1/2-1/2"]
[WhiteElo "2015"]
[BlackElo "1947"]
[PlyCount "113"]
[EventDate "2019.07.27"]
[EventType "swiss"]
[EventRounds "9"]
[EventCountry "BEL"]
[SourceTitle "CBM 191 Extra"]
[Source "ChessBase"]
[SourceDate "2019.09.30"]
[SourceVersion "1"]
[SourceVersionDate "2019.09.30"]
[SourceQuality "1"]

1. d4 d5 2. Nf3 e6 3. e3 c5 4. b3 cxd4 5. exd4 Nc6 6. Bb2 Nf6 7. Bd3 Be7 8. Nbd2 a6 9. 0-0 0-0 10. Re1 b5 11. Ne5 Bb7 12. a3 g6 13. Qf3 Nxe5 14. dxe5 Nh5 15. Qg4 Ng7 16. Nf3 Rc8 17. Bc1 f5 18. Qf4 Qd7 19. Qh6 d4 20. Ng5 Bxg5 21. Qxg5 Qd5 22. Bd2 Rf7 23. a4 Nh5 24. f3 Rfc7 25. axb5 axb5 26. Ra2 Ra8 27. Rxa8+ Bxa8 28. Bb4 Ra7 29. Bd6 Kg7 30. Qd8 h6 31. Qb8 Ra2 32. Qf8+ Kh7 33. Qf7+ Ng7 34. Bf8 Qb7 35. Qf6 Nh5 36. Qxe6 Nf4 37. Qe7+ Qxe7 38. Bxe7 Nxd3 39. cxd3 Bd5 40. Bc5 Rd2 41. e6 Bc6 42. e7 Be8 43. b4 Rxd3 44. Re5 Kg8 45. Kf1 Rd2 46. Rd5 d3 47. h4 h5 48. Rd4 Kf7 49. g4 hxg4 50. fxg4 Rh2 51. gxf5 gxf5 52. Kg1 Rh3 53. Kg2 Re3 54. Kf2 Rh3 55. Kg2 Re3 56. Kf2 Rh3 57. Kg2 1/2-1/2

[Event "Solingen Karneval op"]
[Site "Solingen"]
[Date "2012.02.19"]
[Round "4"]
[White "Coenen, Siegfried"]
[Black "Philippe, Denis"]
[Result "1-0"]
[WhiteElo "1980"]
[BlackElo "2103"]
[PlyCount "76"]
[EventDate "2012.02.17"]
[EventType "swiss"]
[EventRounds "5"]
[EventCountry "GER"]
[SourceTitle "EXT 2015"]
[Source "ChessBase"]
[SourceDate "2014.11.20"]
[SourceVersion "1"]
[SourceVersionDate "2014.11.20"]
[SourceQuality "1"]

1. e4 c6 2. d4 d5 3. Nc3 dxe4 4. Nxe4 Nd7 5. Bc4 Ngf6 6. Qf3 e6 7. Bg5 Qa5+ 8. Bd2 Qc7 9. Bf4 Qa5+ 10. Bd2 Qb6 11. Bc3 Nxe4 12. Qxe4 Nf6 13. Qe2 Nd5 14. Nf3 Bd6 15. 0-0 0-0 16. Rab1 Qc7 17. Bd2 Nf4 18. Qe4 f5 19. Qe1 Rf6 20. Ne5 Nd5 21. a3 c5 22. c3 b6 23. Rc1 Kh8 24. Bxd5 exd5 25. Nf3 Ba6 26. dxc5 bxc5 27. Bg5 Rg6 28. Qd2 Bxf1 29. Qxd5 Rf8 30. Kxf1 h6 31. Be3 f4 32. Bd2 Qf7 33. Qxf7 Rxf7 34. c4 Re6 35. Bc3 Kh7 36. Rd1 Rd7 37. h3 g5 38. Rd5 Kg6 1-0

[Event "Solingen Karneval op"]
[Site "Solingen"]
[Date "2012.02.18"]
[Round "2"]
[White "Grosse Hering, Peter"]
[Black "Philippe, Denis"]
[Result "0-1"]
[WhiteElo "1938"]
[BlackElo "2103"]
[PlyCount "78"]
[EventDate "2012.02.17"]
[EventType "swiss"]
[EventRounds "5"]
[EventCountry "GER"]
[SourceTitle "EXT 2015"]
[Source "ChessBase"]
[SourceDate "2014.11.20"]
[SourceVersion "1"]
[SourceVersionDate "2014.11.20"]
[SourceQuality "1"]

1. e4 c6 2. d3 d5 3. Nd2 e5 4. Ngf3 Bd6 5. g3 Ne7 6. Bg2 0-0 7. 0-0 f5 8. c4 fxe4 9. dxe4 d4 10. c5 Bc7 11. Ng5 Qe8 12. Ndf3 Rf6 13. Nxe5 Bxe5 14. f4 Bc7 15. Qxd4 h6 16. e5 Rf8 17. Qc4+ Kh8 18. Ne4 Nf5 19. b3 Be6 20. Qc3 Nd7 21. Bb2 Qe7 22. Rae1 Bd5 23. Nd6 Bxg2 24. Kxg2 Rab8 25. g4 Nh4+ 26. Kh1 Qe6 27. Qg3 Qd5+ 28. Ne4 Nxc5 29. Qxh4 Nxe4 30. h3 Ng3+ 31. Kh2 Nxf1+ 32. Rxf1 Bb6 33. Kg3 Qd3+ 34. Rf3 Qb1 35. f5 Qxb2 36. Qe7 Rbe8 37. Qxb7 Qxe5+ 38. Kh4 Qe1+ 39. Kh5 Qe7 0-1

[Event "Lyon op"]
[Site "Lyon"]
[Date "2005.04.18"]
[Round "3"]
[White "Pham, Minh Hoang"]
[Black "Philippe, Denis"]
[Result "1-0"]
[WhiteElo "2455"]
[BlackElo "2060"]
[PlyCount "65"]
[EventDate "2005.04.16"]
[EventType "swiss"]
[EventRounds "9"]
[EventCountry "FRA"]
[SourceTitle "CBM 105 Extra"]
[Source "ChessBase"]
[SourceDate "2005.05.01"]
[SourceVersion "1"]
[SourceVersionDate "2005.05.01"]
[SourceQuality "1"]

1. d4 d5 2. c4 c6 3. Nf3 Nf6 4. Nc3 e6 5. e3 Nbd7 6. Qc2 Bd6 7. g4 Bb4 8. Bd2 Qe7 9. g5 Bxc3 10. Bxc3 Ne4 11. Rg1 b6 12. Bd3 Nxc3 13. Qxc3 Bb7 14. cxd5 exd5 15. Bf5 Rc8 16. Rg3 g6 17. Bg4 Rc7 18. h4 f5 19. Bh3 0-0 20. Nd2 f4 21. Rf3 Nb8 22. 0-0-0 c5 23. Kb1 Bc8 24. Bxc8 Rcxc8 25. Rxf4 Rxf4 26. exf4 Qe2 27. Qf3 Qxf3 28. Nxf3 c4 29. f5 gxf5 30. Re1 Nc6 31. Re6 Rc7 32. a3 Kf7 33. Rxc6 1-0

[Event "Ljubljana op 14th"]
[Site "Ljubljana"]
[Date "2003.06.22"]
[Round "2"]
[White "Vukanovic, Sasa"]
[Black "Philippe, Denis"]
[Result "1-0"]
[WhiteElo "2348"]
[BlackElo "2088"]
[PlyCount "78"]
[EventDate "2003.06.21"]
[EventType "swiss"]
[EventRounds "9"]
[EventCountry "SLO"]
[SourceTitle "EXT 2004"]
[Source "ChessBase"]
[SourceDate "2003.11.25"]
[SourceVersion "1"]
[SourceVersionDate "2003.11.25"]
[SourceQuality "1"]

1. Nf3 d5 2. c4 c6 3. d4 Nf6 4. e3 e6 5. Nbd2 Nbd7 6. Bd3 Bd6 7. b3 Qe7 8. Bb2 e5 9. dxe5 Nxe5 10. Nxe5 Bxe5 11. Bxe5 Qxe5 12. 0-0 0-0 13. Nf3 Qh5 14. Nd4 Bg4 15. f3 Bd7 16. c5 Rae8 17. Qd2 Re7 18. Rae1 Rfe8 19. Rf2 Qg5 20. Rfe2 h5 21. b4 h4 22. Kf2 Nh5 23. Rg1 f5 24. Bc2 Qf6 25. Ree1 g5 26. g3 hxg3+ 27. hxg3 g4 28. f4 Rh7 29. Rh1 Rh6 30. Qd3 Rf8 31. Kg2 Rf7 32. Reg1 Kg7 33. Rh2 Kf8 34. Rgh1 Qg6 35. Rh4 Kg7 36. R1h2 Kf6 37. Qa3 a6 38. Qa5 Re7 39. Qd8 Kf7 1-0

[Event "BEL-chT 0001"]
[Site "Belgium"]
[Date "2001.03.04"]
[Round "13"]
[White "Philippe, Denis"]
[Black "Tiggelman, Rene"]
[Result "1/2-1/2"]
[WhiteElo "2070"]
[BlackElo "2155"]
[PlyCount "50"]
[EventDate "2000.11.18"]
[EventType "team-tourn"]
[EventRounds "13"]
[EventCountry "BEL"]
[SourceTitle "CBM 081 Extra"]
[Source "ChessBase"]
[SourceDate "2001.05.06"]
[SourceVersion "1"]
[SourceVersionDate "2001.05.06"]
[SourceQuality "1"]

1. d4 Nf6 2. Nf3 c5 3. d5 g6 4. Nc3 d6 5. e4 Bg7 6. Bb5+ Bd7 7. a4 0-0 8. 0-0 Bg4 9. h3 Bxf3 10. Qxf3 a6 11. Bc4 Nbd7 12. Qe2 Ne5 13. Bb3 Qa5 14. Bd2 Rac8 15. f4 Ned7 16. e5 Ne8 17. e6 Ndf6 18. exf7+ Rxf7 19. Ne4 Qb6 20. a5 Qb5 21. Bc4 Qd7 22. Ng5 Rf8 23. Ne6 Rf7 24. Ng5 Rf8 25. Ne6 Rf7 1/2-1/2

[Event "Geneve op 17th"]
[Site "Geneve"]
[Date "2001.01.24"]
[Round "5"]
[White "Philippe, Denis"]
[Black "Fairbairn, Stephen"]
[Result "1/2-1/2"]
[WhiteElo "2070"]
[BlackElo "2149"]
[PlyCount "41"]
[EventDate "2001.01.20"]
[EventType "swiss"]
[EventRounds "9"]
[EventCountry "SUI"]
[SourceTitle "EXT 2002"]
[Source "ChessBase"]
[SourceDate "2001.11.25"]
[SourceVersion "1"]
[SourceVersionDate "2001.11.25"]
[SourceQuality "1"]

1. d4 Nf6 2. c4 g6 3. f3 d5 4. cxd5 Nxd5 5. e4 Nb6 6. Nc3 Bg7 7. Be3 0-0 8. f4 c6 9. Nf3 Bg4 10. Qd2 N8d7 11. Ng5 Nf6 12. h3 Bd7 13. Be2 Rc8 14. a4 h6 15. Nf3 Be6 16. g4 Nc4 17. Bxc4 Bxc4 18. f5 b5 19. e5 Nd5 20. Bxh6 Nb4 21. Kf2 1/2-1/2

[Event "Geneve op 17th"]
[Site "Geneve"]
[Date "2001.01.20"]
[Round "1"]
[White "Philippe, Denis"]
[Black "Hentunen, Asko"]
[Result "0-1"]
[WhiteElo "2070"]
[BlackElo "2346"]
[PlyCount "44"]
[EventDate "2001.01.20"]
[EventType "swiss"]
[EventRounds "9"]
[EventCountry "SUI"]
[SourceTitle "EXT 2002"]
[Source "ChessBase"]
[SourceDate "2001.11.25"]
[SourceVersion "1"]
[SourceVersionDate "2001.11.25"]
[SourceQuality "1"]

1. d4 Nf6 2. Nf3 b6 3. e3 e6 4. Bd3 Bb7 5. 0-0 d5 6. b3 Bd6 7. Bb2 0-0 8. Nbd2 Nbd7 9. Ne5 c5 10. f4 Qc7 11. Qe1 Ne4 12. Qh4 cxd4 13. exd4 Rac8 14. Rae1 Bb4 15. c3 Nxe5 16. fxe5 Bxc3 17. Rc1 Qd8 18. Bxc3 Nxc3 19. Kh1 a5 20. a4 Na2 21. Ra1 Nb4 22. Bb5 Nc2 0-1

[Event "Abihome op"]
[Site "Brussels"]
[Date "2000.10.07"]
[Round "1"]
[White "Philippe, Denis"]
[Black "Van Beers, Eddy"]
[Result "1/2-1/2"]
[WhiteElo "2028"]
[BlackElo "2346"]
[PlyCount "39"]
[EventDate "2000.10.07"]
[EventType "swiss (rapid)"]
[EventRounds "10"]
[EventCountry "BEL"]
[SourceTitle "EXT 2001"]
[Source "ChessBase"]
[SourceDate "2000.11.22"]
[SourceVersion "1"]
[SourceVersionDate "2000.11.22"]
[SourceQuality "1"]

1. d4 f5 2. e4 fxe4 3. Nc3 Nf6 4. f3 d5 5. fxe4 dxe4 6. Bg5 Bf5 7. Bb5+ c6 8. Bc4 Qd6 9. Nge2 Nd5 10. 0-0 g6 11. Qe1 Bg7 12. Rd1 Nb6 13. Bb3 h6 14. Bf4 Qd7 15. Be5 Nd5 16. Nxd5 cxd5 17. Qa5 b6 18. Qb4 0-0 19. c4 dxc4 20. Bxc4+ 1/2-1/2

[Event "Cesenatico op 5th"]
[Site "Cesenatico"]
[Date "2000.09.04"]
[Round "2"]
[White "Philippe, Denis"]
[Black "Di Lao, Riccardo"]
[Result "1/2-1/2"]
[WhiteElo "2028"]
[BlackElo "2138"]
[PlyCount "33"]
[EventDate "2000.09.03"]
[EventType "swiss"]
[EventRounds "9"]
[EventCountry "ITA"]
[SourceTitle "CBM 078 Extra"]
[Source "ChessBase"]
[SourceDate "2000.11.10"]
[SourceVersion "1"]
[SourceVersionDate "2000.11.10"]
[SourceQuality "1"]

1. d4 d5 2. Nf3 Nf6 3. e3 Bf5 4. c4 e6 5. Qb3 Qc8 6. Bd2 Be7 7. Nc3 c6 8. Rc1 0-0 9. Be2 h6 10. 0-0 Nbd7 11. Rfd1 g5 12. Be1 Bd6 13. cxd5 exd5 14. Nb5 Be7 15. Bb4 Qd8 16. Nd6 Bxd6 17. Bxd6 1/2-1/2

[Event "Dortmund Sparkassen op-A"]
[Site "Dortmund"]
[Date "2000.07.13"]
[Round "7"]
[White "Schuh, Dirk"]
[Black "Philippe, Denis"]
[Result "1-0"]
[WhiteElo "2185"]
[BlackElo "2028"]
[PlyCount "65"]
[EventDate "2000.07.07"]
[EventType "swiss"]
[EventRounds "10"]
[EventCountry "GER"]
[SourceTitle "EXT 2001"]
[Source "ChessBase"]
[SourceDate "2000.11.22"]
[SourceVersion "1"]
[SourceVersionDate "2000.11.22"]
[SourceQuality "1"]

1. e4 c6 2. d4 d5 3. e5 Bf5 4. Nc3 e6 5. g4 Bg6 6. Nge2 Qh4 7. Nf4 Nh6 8. h3 Bb4 9. Bg2 Nd7 10. 0-0 Qe7 11. a3 Ba5 12. Nce2 Ng8 13. c4 dxc4 14. Qa4 Bc7 15. Qxc4 Nb6 16. Qa2 Qd8 17. b4 a6 18. Be3 Ne7 19. Rfd1 Ned5 20. Qb3 Qe7 21. Nd3 Bxd3 22. Rxd3 0-0 23. Bd2 Nd7 24. Re1 Rfb8 25. Ng3 a5 26. b5 a4 27. Qa2 N7b6 28. bxc6 bxc6 29. Rc1 c5 30. Rxc5 Bxe5 31. Rxd5 Bxg3 32. Rb5 Qd7 33. Rxb6 1-0

[Event "Dortmund Sparkassen op-A"]
[Site "Dortmund"]
[Date "2000.07.09"]
[Round "3"]
[White "Michalczak, Thomas"]
[Black "Philippe, Denis"]
[Result "1-0"]
[WhiteElo "2262"]
[BlackElo "2028"]
[PlyCount "55"]
[EventDate "2000.07.07"]
[EventType "swiss"]
[EventRounds "10"]
[EventCountry "GER"]
[SourceTitle "EXT 2001"]
[Source "ChessBase"]
[SourceDate "2000.11.22"]
[SourceVersion "1"]
[SourceVersionDate "2000.11.22"]
[SourceQuality "1"]

1. e4 c6 2. d4 d5 3. Nc3 dxe4 4. Nxe4 Nd7 5. Bc4 Ngf6 6. Nxf6+ Nxf6 7. c3 e6 8. Nf3 Be7 9. Qe2 0-0 10. 0-0 c5 11. Bg5 Qc7 12. Rfe1 Rd8 13. Rad1 h6 14. Bh4 Nd5 15. Bxe7 Qxe7 16. dxc5 Qxc5 17. Bxd5 Rxd5 18. Rxd5 Qxd5 19. Rd1 Qxa2 20. Rd8+ Kh7 21. h4 Qb1+ 22. Kh2 b6 23. Ng5+ Kg6 24. Ne4 f5 25. h5+ Kh7 26. Nf6+ gxf6 27. Qc4 Bd7 28. Rxd7+ 1-0